• 首页
  • 本馆介绍
  • 公告通知
  • 最新文献
  • 馆藏检索
  • 电子资源
  • 读者导购
  • 参考咨询
  • 我的图书馆
  • 登录
  • 详细信息显示
  • 放入我的书架
  • 预约/预借图书
  • 作者相关作品
  • 分类相关作品
  • 丛书相关作品
  • 出版社相关作品

书目信息

  • 表格格式
  • 工作单格式
  • 卡片格式
题名:
和谐家庭
    
 
作者: 张丽丽 主编
分册:  
出版信息: 上海   上海社会科学院出版社  2009
页数: 321页
开本: 23cm
丛书名: 东方家庭丛书
单 册:
中图分类: D669.1
科图分类:
主题词: 家庭社会学--研究--中国 , 家庭社会学
电子资源:
ISBN: 978-7-80745-561-5
000 00893oam2 2200265 45
001 1034517812
005 20100319081349.76
010    @a978-7-80745-561-5@dCNY42.00
100    @a20100311d2009 em y0chiy50 ea
101 0  @achi
102    @aCN@b310000
105    @ay z 000yy
106    @ar
200 1  @a和谐家庭@AHe Xie Jia Ting@e理论与实践探索@ELi Lun Yu Shi Jian Tan Suo@f张丽丽主编@FZhang Li Li Zhu Bian
210    @a上海@c上海社会科学院出版社@d2009
215    @a321页@d23cm
225 2  @a东方家庭丛书
330    @a本书分和谐家庭与社会建设、伦理道德与和谐家庭、家庭关系与和谐家庭、家庭教育与和谐家庭、社会支持与和谐家庭、和谐家庭的评估六部分。
461  0 @12001 @a东方家庭丛书
606 0  @a家庭社会学@x研究@y中国
606 0  @a家庭社会学
690    @aD669.1@v4
701  0 @a张丽丽@AZhang Li Li@4主编
801  0 @aCN@bTANGWEI@c20100319
905    @b0585859-63@dD669.1@e112@f5
    
    和谐家庭:理论与实践探索/张丽丽主编.-上海:上海社会科学院出版社,2009
    321页;23cm.-(东方家庭丛书)
    
    
    ISBN 978-7-80745-561-5:CNY42.00
    本书分和谐家庭与社会建设、伦理道德与和谐家庭、家庭关系与和谐家庭、家庭教育与和谐家庭、社会支持与和谐家庭、和谐家庭的评估六部分。
●
相关链接 在E读中查询图书 在五车中查询图书 在当当中查询图书 在豆瓣中查询图书


正题名:和谐家庭     索取号:D669.1/112         预约/预借

序号 登录号 条形码 馆藏地/架位号 状态 备注
1 0585859   205858598   第一样本阅览室/ [索取号:D669.1/112] 在馆    
2 0585860   205858605   第一借阅区/ [索取号:D669.1/112] 在馆    
3 0585861   205858614   第一借阅区/ [索取号:D669.1/112] 在馆    
4 0585862   205858623   教育系资料室/ [索取号:D669.1/112] 在馆    
5 0585863   205858632   第一借阅区/ [索取号:D669.1/112] 在馆    
唐山师范学院图书馆 欢迎您!
大连网信软件有限公司© 版权所有